000 00743nam a2200229 a 4500
999 _c1902
_d1902
001 1902
003 BD-JhCC
005 20200408134007.0
008 171026s1979 bg ||||| |||| 00| 0 ben d
020 _a9844626390
035 _a(BD-JhCC) 1902
040 _aBD-JhCC
_dBD-JhCC
041 _aben
082 _a843.8
_bNOW 1979
100 _aনওয়াব, শামসুদ্দীন
245 _aজুল ভার্নের রহস্যের দ্বীপ /
_cশামসুদ্দীন নওয়াব
260 _aঢাকা :
_bপ্রজাপতি প্রকাশনী,
_c1979.
300 _a95 p. :
_c21 cm.
650 _aCastaways
_xFiction
_zPacific ocean
942 _2ddc
_cBK
_03